Introduction to research methods in social sciences / (Record no. 25978)

MARC details
000 -LEADER
fixed length control field 01363nam a22002897a 4500
005 - DATE AND TIME OF LATEST TRANSACTION
control field 2009050101071.0
010 ## - LCCN (DPL NO)
LC control number ENG-93367 B-430634
020 ## - INTERNATIONAL STANDARD BOOK NUMBER
International Standard Book Number 8189886940
Terms of availability 960.00
020 ## - INTERNATIONAL STANDARD BOOK NUMBER
International Standard Book Number 9788189886943
Terms of availability 960.00
035 ## - SYSTEM CONTROL NUMBER
System control number EN-76900
035 ## - SYSTEM CONTROL NUMBER
System control number B-430634
037 ## - SOURCE OF ACQUISITION
Source of stock number/acquisition DBAD / PUB
037 ## - SOURCE OF ACQUISITION
Source of stock number/acquisition Researchco Book Centre
082 ## - DEWEY DECIMAL CLASSIFICATION NUMBER
Classification number 300.72
100 ## - MAIN ENTRY--PERSONAL NAME
Personal name Ravichandran, K.
245 ## - TITLE STATEMENT
Title Introduction to research methods in social sciences /
Statement of responsibility, etc by K. Ravichandran [and] S. Nakkiran
260 ## - PUBLICATION, DISTRIBUTION, ETC. (IMPRINT)
Place of publication, distribution, etc Delhi
Name of publisher, distributor, etc Abhijeet Publications
Date of publication, distribution, etc 2009
270 ## - ADDRESS
Address 2/46 Tukhmeerpur Extension
City Delhi
Postal code 110094
300 ## - PHYSICAL DESCRIPTION
Extent xxi, 282p.
Dimensions 23cm (Hb)
500 ## - GENERAL NOTE
General note Includes bibliographical references
650 ## - SUBJECT ADDED ENTRY--TOPICAL TERM
Topical term or geographic name as entry element Social sciences
General subdivision Research
-- Methodology
700 ## - ADDED ENTRY--PERSONAL NAME
Personal name Nakkiran, S.
9 (RLIN) 31604
942 ## - ADDED ENTRY ELEMENTS (KOHA)
Source of classification or shelving scheme Dewey Decimal Classification
Item type English Books
Call number suffix RAV
Classification part 300.72
Holdings
Withdrawn status Lost status Not for loan Collection code Home library Current library Date acquired Source of acquisition Cost, normal purchase price Full call number Barcode Copy number Cost, replacement price Koha item type
      Non-fiction Central Library Central Library 08/08/2011 Researchco Book Centre/RBC-22599/2011-12/28.3.11/76/4.3.11/31.3.11 960.00 300.72 RAV B-430634 1 960.00 English Books
    Not For Loan Non-fiction D.B.Act.Division D.B.Act.Division 01/05/2009 DBAD / PUB 960.00 300.72 RAV EN-76900 1 960.00 English Books

© Delhi Public Library
Hit Counter
free hit counter